000 00549nam a22001817a 4500
005 20251108165017.0
008 250721s1988 xx 000 0 ara d
082 1 4 _a536.2/أسا
100 1 _aالعلي، برهان محمود
_eترجمة
245 1 0 _aأساسيات إنتقال الحرارة /
264 1 _aالموصل :
_bجامعة الموصل،
_c1988.
300 _a876ص
650 1 7 _aالحرارة
700 1 _aالصبحة، أحمد نجم
700 1 _aمصطفى، بهجت مجيد
942 _2ddc
_cBK
999 _c19789
_d19789